书目信息 |
| 题名: |
全国乡镇长培训教材
|
|
| 作者: | 张小林 , 陈小卉 编著 | |
| 分册: | ||
| 出版信息: | 北京 中国建筑工业出版社 2010.05 |
|
| 页数: | 334页 | |
| 开本: | 20cm | |
| 丛书名: | ||
| 单 册: | ||
| 中图分类: | D638 | |
| 科图分类: | ||
| 主题词: | 政治--中国 | |
| 电子资源: | ||
| ISBN: | 7-112-10814-4 | |
| 000 | 00696nam0 2200217 450 | |
| 001 | 1855215398 | |
| 005 | 20180428152151.17 | |
| 010 | @a7-112-10814-4@dCNY30.00 | |
| 100 | @a20180428d2010 km y0chiy0120 ea | |
| 101 | 0 | @achi |
| 102 | @aCN@b110000 | |
| 200 | 1 | @a全国乡镇长培训教材@Aquan guo xiang zhen chang pei xun jiao cai@e建设篇@f张小林, 陈小卉等编著@Fzhang xiao lin,chen xiao hui deng bian zhu |
| 210 | @a北京@c中国建筑工业出版社@d2010.05 | |
| 215 | @a334页@d20cm | |
| 517 | 1 | @a建设篇@Ajian she pian |
| 606 | 0 | @a政治@x中国 |
| 690 | @aD638@v4 | |
| 701 | 0 | @a张小林@Azhang xiao lin@4编著 |
| 701 | 0 | @a陈小卉@Achen xiao hui@4编著 |
| 801 | 0 | @aCN@bMUSE@c20180428 |
| 905 | @aMUSE@dD638@eZ213 | |
| 全国乡镇长培训教材:建设篇/张小林, 陈小卉等编著.-北京:中国建筑工业出版社,2010.05 |
| 334页;20cm |
| ISBN 7-112-10814-4:CNY30.00 |
| ● |
| 相关链接 |
|
|
|
正题名:全国乡镇长培训教材
索取号:D638/Z213
 
预约/预借
| 序号 | 登录号 | 条形码 | 馆藏地/架位号 | 状态 | 备注 |
| 1 | 1300512 | 213005120 | 建筑与城市规划学院资料室/ [索取号:D638/Z213] | 在馆 |